01841nam a2200397Ia 4500001001200000003000800012006001900020007001500039008004100054010001700095020004300112020003800155040002100193035002100214050002500235100003600260245010200296260005800398300001800456504005100474533015200525650005700677650005900734650004900793650005800842650005100900650007200951650006801023651005101091651006001142651005201202655002901254710001701283856012601300999001701426ebr10353992CaPaEBRm u cr cn|||||||||090421s2009 mnu sb s001 0 eng d z 2009016774 z9780816654857 (hardcover : alk. paper) z9780816654864 (pbk. : alk. paper) aCaPaEBRcCaPaEBR a(OCoLC)52779729014aE184.V53bA35 2009eb1 aAguilar-San Juan, Karin,d1962-10aLittle Saigonsh[electronic resource] :bstaying Vietnamese in America /cKarin Aguilar-San Juan. aMinneapolis :bUniversity of Minnesota Press,cc2009. axxxii, 222 p. aIncludes bibliographical references and index. aElectronic reproduction.bPalo Alto, Calif. :cebrary,d2010.nAvailable via World Wide Web.nAccess may be limited to ebrary affiliated libraries. 0aVietnamese AmericansxEthnic identityvCase studies. 0aVietnamese AmericansxSocial conditionsvCase studies. 0aCommunity lifezUnited StatesvCase studies. 0aGeographical perceptionzUnited StatesvCase studies. 0aPlace attachmentzUnited StatesvCase studies. 0aVietnamese AmericanszCaliforniazOrange CountyxSocial conditions. 0aVietnamese AmericanszMassachusettszBostonxSocial conditions. 0aUnited StatesxEthnic relationsvCase studies. 0aOrange County (Calif.)xEthnic relationsvCase studies. 0aBoston (Mass.)xEthnic relationsvCase studies. 7aElectronic books.2local2 aebrary, Inc.40uhttp://site.ebrary.com/lib/rucke/Doc?id=10353992zAn electronic book accessible through the World Wide Web; click to view c44358d44358